logo

Bir Sreshtho Munshi Abdur Rouf Library
Jhenaidah Cadet College

Perspectives of modern physics / (Record no. 6226)

MARC details
000 -LEADER
fixed length control field 00690cam a2200253 4500
001 - CONTROL NUMBER
JCCL Control Number 6226
003 - CONTROL NUMBER IDENTIFIER
JCCL marc code BD-JhCC
005 - DATE AND TIME OF LATEST TRANSACTION
control field 20200212134008.0
008 - FIXED-LENGTH DATA ELEMENTS--GENERAL INFORMATION
fixed length control field 681122t19681969nyua 001 0 eng
020 ## - INTERNATIONAL STANDARD BOOK NUMBER
International Standard Book Number 007085047X
035 ## - SYSTEM CONTROL NUMBER
system control number (BD-JhCC)6226
040 ## - CATALOGING SOURCE
Original cataloging agency DLC
Transcribing agency DLC
Modifying agency DLC
-- (BD-JhCC)
041 ## - LANGUAGE CODE
Language code of Book eng
050 00 - LIBRARY OF CONGRESS CALL NUMBER
Classification number QC173
Item number .B414
082 00 - DEWEY DECIMAL CLASSIFICATION NUMBER
Classification number 539
Author mark and Year BEI 2000
100 1# - MAIN ENTRY--PERSONAL NAME
Personal name Beiser, Arthur.
245 10 - TITLE STATEMENT
Title Perspectives of modern physics /
Statement of responsibility, etc Arthur Beiser
260 ## - PUBLICATION, DISTRIBUTION, ETC. (IMPRINT)
Place of publication, distribution, etc New York :
Name of publisher, distributor, etc McGraw-Hill,
Date of publication, distribution, etc 1968, c1969.
300 ## - PHYSICAL DESCRIPTION
Pagination vii, 610 p. :
Other physical details illus.
Dimensions 23 cm.
490 0# - SERIES STATEMENT
Series statement McGraw-Hill series in fundamentals of physics
650 #0 - SUBJECT ADDED ENTRY--TOPICAL TERM
Topical term or geographic name as entry element Nuclear physics.
942 ## - ADDED ENTRY ELEMENTS (KOHA)
Source of classification or shelving scheme Dewey Decimal Classification
Koha item type Books
Koha issues (borrowed), all copies 2
Holdings
Source of classification or shelving scheme Damaged status Not for loan Home library Current library Shelving location Date of accession Total Checkouts Full call number Barcode Date last seen Date checked out Copy number Koha item type
Dewey Decimal Classification     JCC Rouf Library JCC Rouf Library General Stacks 09/01/2024 3 539 BEI 2000 8144 10/03/2024 09/09/2024 C - 1 Books

JCC Library | Contacts | JCC Home

Last Update on 23 September 2017
Copyright @ 2017-2020 JCC Rouf Library
Rouf Library, Jhenidah Cadet College (JCC), Bangladesh